उत्तर प्रदेश में विकास योजनायें / (Record no. 120904)
[ view plain ]
| 000 -LEADER | |
|---|---|
| fixed length control field | 01564nam a22002777a 4500 |
| 005 - DATE AND TIME OF LATEST TRANSACTION | |
| control field | 20170124103204.0 |
| 010 ## - LIBRARY OF CONGRESS CONTROL NUMBER | |
| LC control number | B-171409 |
| 020 ## - INTERNATIONAL STANDARD BOOK NUMBER | |
| Terms of availability | 790.00 |
| International Standard Book Number | 8172111614 |
| 035 ## - SYSTEM CONTROL NUMBER | |
| System control number | B-171409 |
| 037 ## - SOURCE OF ACQUISITION | |
| Source of stock number/acquisition | Cen Lib/Ret |
| 040 ## - CATALOGING SOURCE | |
| Original cataloging agency | DPL |
| Language of cataloging | HN |
| 082 ## - DEWEY DECIMAL CLASSIFICATION NUMBER | |
| Classification number | 338.95413 |
| Item number | अग्रवा |
| 100 ## - MAIN ENTRY--PERSONAL NAME | |
| Personal name | अग्रवाल, मनोज कुमार |
| 9 (RLIN) | 93323 |
| 245 ## - TITLE STATEMENT | |
| Title | उत्तर प्रदेश में विकास योजनायें / |
| Statement of responsibility, etc | मनोज कुमार अग्रवाल [एवं] सुधीर कुमार निगम |
| 246 ## - VARYING FORM OF TITLE | |
| Title proper/short title | Uttarpradesh me vikas yojnayen / |
| Remainder of title | by Manoj Kumar Agraval [evam] Sudheer Kumar Nigam |
| 260 ## - PUBLICATION, DISTRIBUTION, ETC. (IMPRINT) | |
| Place of publication, distribution, etc | नयी दिल्ली |
| Name of publisher, distributor, etc | नार्दन बुक सेंटर |
| Date of publication, distribution, etc | 2005 |
| 270 ## - ADDRESS | |
| City | नयी दिल्ली |
| Address | 4222 /1 अंसारी रोड, दरियागंज |
| Postal code | 110002 |
| 300 ## - PHYSICAL DESCRIPTION | |
| Extent | xxix,258पृ. |
| Dimensions | 23सेमी(सजिल्द ) |
| 500 ## - GENERAL NOTE | |
| General note | अनुक्रमाणिका शामिल |
| 650 ## - SUBJECT ADDED ENTRY--TOPICAL TERM | |
| Topical term or geographic name as entry element | आर्थिक विकास परियोजनाओं - भारत - उत्तर प्रदेश |
| General subdivision | |
| Geographic subdivision | |
| 9 (RLIN) | 93324 |
| 650 ## - SUBJECT ADDED ENTRY--TOPICAL TERM | |
| Topical term or geographic name as entry element | उत्तर प्रदेश (भारत) - आर्थिक नीति |
| 9 (RLIN) | 93325 |
| 650 ## - SUBJECT ADDED ENTRY--TOPICAL TERM | |
| Topical term or geographic name as entry element | Economic development projects -- India -- Uttar Pradesh |
| 9 (RLIN) | 93326 |
| 650 ## - SUBJECT ADDED ENTRY--TOPICAL TERM | |
| Topical term or geographic name as entry element | Uttar Pradesh (India) -- Economic policy |
| 9 (RLIN) | 93327 |
| 700 ## - ADDED ENTRY--PERSONAL NAME | |
| Personal name | निगम, सुधीर कुमार |
| 9 (RLIN) | 42923 |
| 942 ## - ADDED ENTRY ELEMENTS (KOHA) | |
| Source of classification or shelving scheme | Dewey Decimal Classification |
| Koha item type | Hindi Books |
| Classification part | 338.95413 |
| Call number suffix | अग्रवा |
| Withdrawn status | Lost status | Damaged status | Not for loan | Home library | Current library | Date acquired | Source of acquisition | Cost, normal purchase price | Total Checkouts | Total Renewals | Full call number | Barcode | Date last seen | Date checked out | Copy number | Cost, replacement price | Price effective from | Koha item type |
|---|---|---|---|---|---|---|---|---|---|---|---|---|---|---|---|---|---|---|
| Central Library | Central Library | 29/09/2015 | Cen Lib/Ret | 790.00 | 4 | 1 | 338.95413 अग्रवा | B-171409 | 25/03/2023 | 25/02/2023 | 1 | 790.00 | 29/09/2015 | Hindi Books |
